|
|
|
|
| LEADER |
00000cam a22000004a 4500 |
| 001 |
musev2_28096 |
| 003 |
MdBmJHUP |
| 005 |
20230905042956.0 |
| 006 |
m o d |
| 007 |
cr||||||||nn|n |
| 008 |
111003s2004 dcu o 00 0 eng d |
| 020 |
|
|
|a 9781612340517
|
| 020 |
|
|
|z 1612340512
|
| 020 |
|
|
|z 9781574885064
|
| 020 |
|
|
|z 1574885065
|
| 035 |
|
|
|a (OCoLC)755578955
|
| 040 |
|
|
|a MdBmJHUP
|c MdBmJHUP
|
| 100 |
1 |
|
|a Schneller, Robert John,
|d 1957-
|
| 245 |
1 |
0 |
|a Cushing :
|b Civil War SEAL /
|c Robert J. Schneller, Jr.
|
| 250 |
|
|
|a 1st ed.
|
| 264 |
|
1 |
|a Washington, D.C. :
|b Brassey's,
|c 2004.
|
| 264 |
|
3 |
|a Baltimore, Md. :
|b Project MUSE,
|c 2015
|
| 264 |
|
4 |
|c ©2004.
|
| 300 |
|
|
|a 1 online resource (128 pages):
|b illustrations, maps
|
| 336 |
|
|
|a text
|b txt
|2 rdacontent
|
| 337 |
|
|
|a computer
|b c
|2 rdamedia
|
| 338 |
|
|
|a online resource
|b cr
|2 rdacarrier
|
| 490 |
0 |
|
|a Military profiles
|
| 505 |
0 |
|
|a Cover; Contents; List of Maps; Preface; Chronology; Chapter 1 Restless Child; Chapter 2 Mischievous Midshipman; Chapter 3 Rough Ride to Renown; Chapter 4 Darkest Moment, Brightest Moment; Chapter 5 Final Rays of Glory; Notes; Bibliographic Note; Index; A; B; C; D; E; F; G; H; J; K; L; M; N; P; Q; R; S; T; U; V; W; About the Author
|
| 520 |
|
|
|a "Dismissed from the U.S. Naval Academy in early 1861, William Barker Cushing nonetheless managed to emerge from the Civil War as one of the Navy's greatest heroes." "Transforming himself from a renowned rabble-rouser into a living legend, Cushing embodied the special qualities that the Navy demands of those who undertake its most hazardous and secret tasks: a readiness to volunteer for dangerous assignments, an unflagging devotion to duty, and more than his fair share of good fortune. Before embarking on his most daring mission - his celebrated destruction of the Confederate ironclad Albemarle - he bragged that he would "come out victorious or 'toes up' ". By the end of the war, he had amassed four commendations from the Navy Department and earned the thanks of Congress and President Lincoln - tremendous accomplishments for a man who was only twenty-two years old when Lee surrendered at Appomattox." "Employing his customary readable style, Schneller focuses on Cushing's meteoric naval career and those aspects of his personality that affected it. His concise account of this remarkable man reveals some of the most astonishing combat missions of the American Civil War."--Jacket
|
| 546 |
|
|
|a English.
|
| 588 |
|
|
|a Description based on print version record.
|
| 600 |
1 |
7 |
|a Cushing, William Barker.
|2 swd
|
| 600 |
1 |
7 |
|a Cushing, William Barker,
|d 1842-1874
|2 fast
|0 (OCoLC)fst00357690
|
| 600 |
1 |
1 |
|a Cushing, William Barker,
|d 1842-1874.
|
| 600 |
1 |
0 |
|a Cushing, William Barker,
|d 1842-1874.
|
| 610 |
1 |
7 |
|a USA
|b Marine
|b Sea, Air, Land Teams
|2 gnd
|
| 610 |
1 |
7 |
|a United States.
|b Navy.
|2 fast
|0 (OCoLC)fst00533204
|
| 610 |
1 |
0 |
|a United States.
|b Navy
|x Officers
|v Biography.
|
| 650 |
|
7 |
|a Sezessionskrieg
|g 1861-1865
|2 gnd
|
| 650 |
|
7 |
|a Ship captains.
|2 fast
|0 (OCoLC)fst01116147
|
| 650 |
|
7 |
|a Military operations, Naval.
|2 fast
|0 (OCoLC)fst01710244
|
| 650 |
|
7 |
|a Commando troops.
|2 fast
|0 (OCoLC)fst00869242
|
| 650 |
|
7 |
|a Armed Forces
|x Officers.
|2 fast
|0 (OCoLC)fst00814617
|
| 650 |
|
7 |
|a HISTORY
|z United States
|x Civil War Period (1850-1877)
|2 bisacsh
|
| 650 |
|
7 |
|a BIOGRAPHY & AUTOBIOGRAPHY
|x Historical.
|2 bisacsh
|
| 650 |
|
6 |
|a Capitaines de navire
|z États-Unis
|v Biographies.
|
| 650 |
|
0 |
|a Ship captains
|z United States
|v Biography.
|
| 651 |
|
7 |
|a United States.
|2 fast
|0 (OCoLC)fst01204155
|
| 651 |
|
6 |
|a États-Unis
|x Histoire
|y 1861-1865 (Guerre de Secession)
|x Operations de commandos.
|
| 651 |
|
6 |
|a États-Unis
|x Histoire
|y 1861-1865 (Guerre de Secession)
|x Operations navales.
|
| 651 |
|
0 |
|a United States
|x History
|y Civil War, 1861-1865
|x Commando operations.
|
| 651 |
|
0 |
|a United States
|x History
|y Civil War, 1861-1865
|x Naval operations.
|
| 655 |
|
7 |
|a Biographies.
|2 rvmgf
|
| 655 |
|
7 |
|a Biographies.
|2 lcgft
|
| 655 |
|
7 |
|a History.
|2 fast
|0 (OCoLC)fst01411628
|
| 655 |
|
7 |
|a Biographies.
|2 fast
|0 (OCoLC)fst01919896
|
| 655 |
|
2 |
|a Biography
|
| 655 |
|
7 |
|a Electronic books.
|2 local
|
| 710 |
2 |
|
|a Project Muse.
|e distributor
|
| 830 |
|
0 |
|a Book collections on Project MUSE.
|
| 856 |
4 |
0 |
|z Texto completo
|u https://projectmuse.uam.elogim.com/book/28096/
|
| 945 |
|
|
|a Project MUSE - Custom Collection
|
| 945 |
|
|
|a Project MUSE - Archive Complete Supplement III
|
| 945 |
|
|
|a Project MUSE - Archive History Supplement III
|